| 000 | 00440nam a2200181Ia 4500 | ||
|---|---|---|---|
| 001 | 18900 | ||
| 005 | 20260306171704.0 | ||
| 008 | 260306s9999||||xx |||||||||||||| ||und|| | ||
| 041 | _aESP | ||
| 082 |
_a658.562 _bC24 |
||
| 100 |
_aCamisón, César _eAUT |
||
| 245 | 0 |
_aGestión de la calidad: _bconceptos, enfoques, modelos y sistemas |
|
| 260 | _c2006 | ||
| 300 |
_a _c |
||
| 650 | _aGEN | ||
| 654 | _aCAN | ||
| 942 |
_cLIB _dJUS _fJUS _2ddc _n |
||
| 999 |
_c18900 _d18900 |
||